Soil mechanics and foundation engineering, Vol 1 / (Record no. 7398)
[ view plain ]
| 000 -LEADER | |
|---|---|
| fixed length control field | 00523cam a2200205ua 4500 |
| 041 ## - LANGUAGE CODE | |
| Language code of text/sound track or separate title | eng |
| 082 ## - DEWEY DECIMAL CLASSIFICATION NUMBER | |
| Classification number | 624.15136 |
| Item number | MUR/SO |
| 100 ## - MAIN ENTRY--AUTHOR NAME | |
| Personal name | Murthy, V N S . |
| 245 ## - TITLE STATEMENT | |
| Title | Soil mechanics and foundation engineering, Vol 1 / |
| 250 ## - EDITION STATEMENT | |
| Edition statement | 3 / |
| 260 ## - PUBLICATION, DISTRIBUTION, ETC. (IMPRINT) | |
| Place of publication | Bangalore : |
| Name of publisher | Sai Kripa Technical Consultants , |
| Year of publication | 1989. |
| 300 ## - PHYSICAL DESCRIPTION | |
| Number of Pages | 780. |
| 500 ## - GENERAL NOTE | |
| General note | * CSS |
| 942 ## - ADDED ENTRY ELEMENTS (KOHA) | |
| Koha item type | Books |
| Withdrawn status | Lost status | Damaged status | Home library | Current library | Shelving location | Date acquired | Full call number | Accession Number | Koha item type |
|---|---|---|---|---|---|---|---|---|---|
| KAUAET | KAUAET | Scheme | 11/09/2018 | 624.15136 MUR/SO | 17886 | Books | |||
| KAUAET | KAUAET | Scheme | 12/09/2018 | 624.15136 MUR/SO | 17887 | Books |
